00630nam a2200217Ia 450000500170000000800410001702000150005808200130007310000240008624500550011025000090016526000390017430000130021365000100022665000080023665000220024470000300026694200060029695200950030299900150039720240605033541.0240331s9999 xx 000 0 und d a8173041296 bMUKa346 aMukhopadhya, Swapna 0aIn the name of Justice :bwomen and law in society a1 st aNew DelhibManohar Publisherc1998 a137 p ., aWomen aLaw aFeminist politics aMukhopadhyay, Swapnaeedt cL 001040708LaWERCLbWERCLcSSCd2024-03-31l0o 346 MUKp4659r2024-03-31w2024-03-31yL c2851d2851